00809cam a22002173a 450000100060000000300060000600500170001200800410002904000150007004200070008505000070009210000380009924500770013726000290021450501870024350600300043051600200046065300400048083000290052085600420054932479PGUSA20140828083713.0100522s2010||||xxu|||||s|||||000 | eng d aPGUSAbeng adc 4aHQ1 aGeorge, Walter Lionel,d1882-192614aThe Intelligence of Womanh[electronic resource] /cWalter Lionel George bProject Gutenberg,c20100 aThe intelligence of woman -- Feminist intentions -- Uniforms for women -- Woman and the paint pot -- The downfall of the home -- The break-up of the family -- Some notes on marriage. aPublic domain in the USA. aElectronic text aWomen -- Social and moral questions 0aProject Gutenbergv3247940uhttp://www.gutenberg.org/ebooks/32479